000 01267nam a22002897a 4500
001 7279
003 FISKH
005 20250723150912.0
008 250708b cb ||||| |||| 00| 0 eng d
020 _a9780194646307
040 _aFISKH
_beng
_cFISKH
_dFISKH
050 _aPZ7
082 _a428.6
100 _aKhanduri, Kamini
245 _aIn the sky /
_cKamini Khanduri
250 _aThis edition published in 2016
260 _aUnited Kingdom :
_bOxford University Press,
_c2012
300 _a32 pages :
_bcolor illustrations ;
_c21 cm
490 _aOxford read and discover :
_vDiscover ! 1 /
505 _aG
520 _aThis exciting new series of non-fiction readers provides interesting and educational content, with activities and project work. The readers are graded at four levels, from 3 to 6, suitable for students from age 8 and older. They can support Content and Language Integrated Learning (CLIL), andcover a broad range of topics, within three curriculum areas:The World of Science and TechnologyThe Natural WorldThe World of Arts and Social StudiesAlso available for each reader:* Activity Book*
521 8 _a320
_bLexile
521 8 _aG
_bRaz-Plus
650 _aAstronomy
942 _2ddc
_cBK
_n0
999 _c7279
_d7279